书目信息 |
| 书名: | Unthinking | |
| 作者: | Harry Beckwith | |
| 分册号: | ||
| 分册名: | 出版地: | USA |
|
| 出版社: | Business Plus | |
| 出版时间: | 2011 | |
| 页数: | 322P | |
| 开本: | 20CM | |
| 丛书名: | ||
| 中图分类号: | ||
| 科图分类号: | ||
| 其他分类号: | C912.8 | |
| 主题词: | ||
| 电子资源: | ||
| 000 | 00377nam0 2200145 450 | |
| 001 | 202012003559 | |
| 005 | 20121206092700.0 | |
| 008 | 12120601s | |
| 020 | @a9780446574273@c$14.99 | |
| 099 | @dC912.8@eH3238 | |
| 245 | 10 | @aUnthinking @c Harry Beckwith |
| 260 | 0 | @aUSA@b Business Plus @c2011 |
| 300 | @a322P@c20CM | |
| 905 | @b15167-8 | |
| 905 | @aTSG@dC912.8@eH3238 | |
| Unthinking / Harry Beckwith.-USA : Business Plus , 2011 |
| 322P ; 20CM |
| ISBN 9780446574273$14.99 |
| ● |
| 相关链接 |
|
|
|
正题名:Unthinking
索取号:C912.8/H3238
 
预约/预借
| 序号 | 登录号 | 条形码 | 馆藏地/架位号 | 状态 | 备注 |
| 1 | 15167 | 300151671 | 社科库509/509社科库 131排1列2层/ [索取号:C912.8/H3238] | 在馆 | |
| 2 | 15168 | 300151680 | 社科库509/509社科库 131排1列2层/ [索取号:C912.8/H3238] | 在馆 |